000 nam a22 7a 4500
999 _c9533
_d9533
008 180201b ||||| |||| 00| 0 eng d
100 _aPurang, Y. P
_95705
245 _aComposite science for us - VI
260 _aNew Delhi
_bArya Publication
_c2007